00539nam a2200181 a 450000100100000000500170001000800410002702000150006804000250008308200180010810000220012624500740014826000390022230000280026165000270028965000150031670000260033100000645920200929153931.0090831s2005 dr a r 000 0 spa d z9993486345 aDO-SdBNPbspacBNPHU a640.41bC728L1 aComarazami, Luisa13aEl libro de las soluciones /cLuisa Comarazamy, Elizabeth Comarazamy. aSanto Domingo :bOmnimedia,c2005. a180 p. :bil. ;c22 cm. 4aEconomía doméstica 4aRecetarios1 aComarazamy, Elizabeth